đŸŽ¶ Paroles "La blanche hermine" Gilles Servat - Statistiques

Statistiques générales
  • Ce quiz a Ă©tĂ© pris 102 fois
  • Le rĂ©sultat moyen est 250 sur 333
Statistiques - réponses
Mots % Correct
Ă 
98%
l'
98%
la
98%
La
98%
lĂ -
98%
m'
98%
(Refrain : )
98%
(Refrain)
98%
blanche
95%
Clisson !
95%
hermine
95%
voilĂ 
93%
c'
92%
t-
92%
d'
90%
D'
90%
FougĂšres
90%
OĂč
90%
de
88%
De
88%
et
88%
Et
88%
des
86%
J'
86%
Ma
85%
ma
85%
qu'
85%
Vive
85%
camarades
83%
en
83%
vous
83%
allez-
81%
ce
81%
est
80%
je
80%
Je
80%
que
80%
ai
78%
avec
78%
dis
78%
Elle
78%
elle
78%
fusils
78%
me
78%
Nous
78%
armée
76%
aux
76%
chargés ?
76%
dit
76%
folie
76%
guerre
76%
plus
76%
Une
76%
Viens
76%
vos
76%
aller
75%
embuscades
75%
faire
75%
mon
75%
mouette
75%
notre
75%
rejoindre
75%
champ,
73%
champ
73%
ĂȘtre
73%
longtemps
73%
matin,
73%
matin
73%
paysans
71%
les
69%
Mais
69%
marins,
69%
mie
69%
troupe
69%
ajonc
68%
devant
68%
Francs
68%
haie
68%
ouvriers,
68%
pour
66%
rencontré
66%
se
64%
terre
64%
avoir
63%
si
63%
enchaßné
61%
amour
59%
préféré
59%
tendrons
59%
vais
59%
bien
58%
donnait
58%
enfants
58%
pardonner
58%
peine
58%
aura
56%
car
56%
durera
56%
meurs
56%
noir,
56%
noir
56%
nuit
56%
pourra-
56%
élever
54%
tant
54%
coeur
51%
femmes
51%
noire
51%
attendra
49%
Comme
49%
maison
49%
serre
49%
voir
49%
bas
47%
seule
47%
suis
47%
triste
44%
déraison
42%
pense-
42%
viendrai
37%
doute
34%
sans
32%
Aucun quiz correspondant
Distribution des résultats
% des personnes avec chaque résultat
Percentile par nombre de réponses
Votre historique - résultats
Vous n’avez pas pris ce quiz